[Event "NB2 Erkel csoport"]
[Site "Szada"]
[Date "2024.12.15"]
[Round "4.6"]
[White "Zamodics, Ferenc"]
[Black "Mozes, Ervin"]
[Result "0-1"]
[WhiteElo "1812"]
[BlackElo "2016"]
[PlyCount "74"]
[GameId "2123490936921243"]
[EventDate "2024.11.03"]
[EventType "team-tourn"]
[EventRounds "11"]
[EventCountry "HUN"]
[Source "chess.hu"]
[WhiteTeam "Godolloi SBE"]
[BlackTeam "Kekesi SE II"]
[WhiteTeamCountry "HUN"]
[BlackTeamCountry "HUN"]

1. d4 Nf6 2. c4 d6 3. Nc3 e5 4. dxe5 dxe5 5. Qxd8+ Kxd8 6. Bg5 c6 7. O-O-O+ Kc7 8. Ne4 Be7 9. Nxf6 gxf6 10. Bh4 Be6 11. e4 Nd7 12. Nf3 Rhe8 13. Nd2 f5 14. Bxe7 Rxe7 15. f3 a5 16. Bd3 Nc5 17. Bb1 fxe4 18. fxe4 Rg8 19. Rhg1 Bg4 20. Rde1 Rd8 21. h3 Red7 22. Nb3 Nxb3+ 23. axb3 Be6 24. Rd1 Rxd1+ 25. Rxd1 Rxd1+ 26. Kxd1 Kd6 27. Kd2 Kc5 28. Kc3 b5 29. cxb5 cxb5 30. Bc2 b4+ 31. Kd3 f5 32. Ke3 f4+ 33. Kd3 Bd7 34. Ke2 Kd4 35. Kf3 Bb5 36. Kg4 Bf1 37. g3 Be2+ 0-1

[Event "NB2 Erkel csoport"]
[Site "Szada"]
[Date "2024.12.15"]
[Round "4.7"]
[White "Domany, Mihaly"]
[Black "Szabo, Daniel"]
[Result "1-0"]
[WhiteElo "2035"]
[BlackElo "1687"]
[PlyCount "95"]
[GameId "2123490990116011"]
[EventDate "2024.11.03"]
[EventType "team-tourn"]
[EventRounds "11"]
[EventCountry "HUN"]
[Source "chess.hu"]
[WhiteTeam "Kekesi SE II"]
[BlackTeam "Godolloi SBE"]
[WhiteTeamCountry "HUN"]
[BlackTeamCountry "HUN"]

1. e4 d6 2. d4 Nd7 3. f4 g6 4. Nf3 Bg7 5. Bc4 e6 6. O-O Ngf6 7. e5 dxe5 8. fxe5 Ng8 9. Ng5 Nh6 10. Bxe6 O-O 11. Bb3 Nb6 12. c3 Nd5 13. Ne4 Nf5 14. Bg5 Qd7 15. Bxd5 Qxd5 16. Nf6+ Bxf6 17. Bxf6 Ne3 18. Qd2 Ng4 19. Bg5 f6 20. exf6 Bf5 21. h3 Nxf6 22. Bxf6 Rxf6 23. Na3 Raf8 24. c4 Qc6 25. Rae1 a6 26. b3 Re6 27. Rxe6 Qxe6 28. Re1 Qd6 29. c5 Qg3 30. Re3 Qg5 31. Nc4 Bd7 32. Rf3 Qxd2 33. Rxf8+ Kxf8 34. Nxd2 Ke7 35. Kf2 Bc6 36. g3 Ke6 37. Ke3 g5 38. Ne4 h6 39. b4 Bb5 40. Nc3 Bf1 41. h4 Bg2 42. a4 c6 43. b5 Kf5 44. hxg5 hxg5 45. d5 cxd5 46. Kd4 Ke6 47. b6 Ke7 48. c6 1-0

[Event "NB2 Erkel csoport"]
[Site "Szada"]
[Date "2024.12.15"]
[Round "4.8"]
[White "Dezso, Edmond Bence"]
[Black "Kovacs, Daniel"]
[Result "0-1"]
[WhiteElo "1616"]
[BlackElo "1988"]
[PlyCount "134"]
[GameId "2123491048115387"]
[EventDate "2024.11.03"]
[EventType "team-tourn"]
[EventRounds "11"]
[EventCountry "HUN"]
[Source "chess.hu"]
[WhiteTeam "Godolloi SBE"]
[BlackTeam "Kekesi SE II"]
[WhiteTeamCountry "HUN"]
[BlackTeamCountry "HUN"]

1. d4 d5 2. Bf4 Nf6 3. e3 Bf5 4. Bd3 Bg6 5. Nf3 e6 6. O-O Bd6 7. Bxd6 cxd6 8. c4 dxc4 9. Bxc4 O-O 10. Bd3 Bxd3 11. Qxd3 Qb6 12. Nbd2 Rc8 13. Rfc1 Nc6 14. Qb3 Qxb3 15. Nxb3 Nb4 16. Ne1 Rxc1 17. Nxc1 Rc8 18. Ncd3 Nbd5 19. Rc1 Rxc1 20. Nxc1 Nd7 21. Nb3 Nb4 22. a3 Nc6 23. Nd3 a5 24. Nd2 Kf8 25. f4 Nf6 26. h3 Ke7 27. Kf2 Nd7 28. Nc4 b5 29. Nd2 Nb6 30. b3 f6 31. g3 Kd7 32. Ke2 Nd5 33. Nb1 Kc7 34. Kd2 Kb6 35. Nc3 Nde7 36. Ne4 Kc7 37. Nc3 Kb6 38. Ne4 Nc8 39. b4 h6 40. h4 f5 41. Nc3 N8e7 42. Ke2 axb4 43. axb4 Nb8 44. Kd2 Na6 45. Kc2 Kc6 46. Kb3 Nd5 47. Nxd5 Kxd5 48. Nf2 Nb8 49. Kc3 Nc6 50. Kb3 e5 51. Kc3 exd4+ 52. exd4 Nxd4 53. Kd3 Nc6 54. Kc3 h5 55. Nh3 Ke4 56. Ng5+ Ke3 57. Ne6 g6 58. Nc7 Kf3 59. Nxb5 Kxg3 60. Nxd6 Kxh4 61. b5 Nb8 62. Nf7 Kg3 63. Ne5 h4 64. Nc4 h3 65. Ne3 Kf2 66. Kd2 h2 67. Nd1+ Kf3 0-1

[Event "NB2 Erkel csoport"]
[Site "Szada"]
[Date "2024.12.15"]
[Round "4.9"]
[White "Lengyel, Laszlo"]
[Black "Pervai, Laszlo sr."]
[Result "1-0"]
[WhiteElo "2014"]
[BlackElo "1570"]
[PlyCount "51"]
[GameId "2123491101654219"]
[EventDate "2024.11.03"]
[EventType "team-tourn"]
[EventRounds "11"]
[EventCountry "HUN"]
[Source "chess.hu"]
[WhiteTeam "Kekesi SE II"]
[BlackTeam "Godolloi SBE"]
[WhiteTeamCountry "HUN"]
[BlackTeamCountry "HUN"]

1. c4 c5 2. Nc3 d6 3. g3 Bf5 4. Bg2 Nc6 5. d3 h6 6. e4 Bg6 7. f4 e6 8. Nf3 Nge7 9. O-O Rb8 10. Be3 Bh5 11. Qa4 Qc7 12. h3 Bg6 13. Rad1 Nc8 14. a3 Be7 15. b4 b6 16. d4 O-O 17. d5 exd5 18. Nxd5 Qb7 19. f5 Bh7 20. f6 gxf6 21. Nh4 Ne5 22. Bxh6 Rd8 23. Nf5 Nxc4 24. e5 Qd7 25. Nfxe7+ Nxe7 26. Nxf6+ 1-0

[Event "NB2 Erkel csoport"]
[Site "Szada"]
[Date "2024.12.15"]
[Round "4.10"]
[White "Torocsik, Ferenc"]
[Black "Kovacs, Veronika"]
[Result "1/2-1/2"]
[WhiteElo "1640"]
[BlackElo "1786"]
[PlyCount "64"]
[GameId "2123491136609499"]
[EventDate "2024.11.03"]
[EventType "team-tourn"]
[EventRounds "11"]
[EventCountry "HUN"]
[Source "chess.hu"]
[WhiteTeam "Godolloi SBE"]
[BlackTeam "Kekesi SE II"]
[WhiteTeamCountry "HUN"]
[BlackTeamCountry "HUN"]

1. d4 Nf6 2. c4 e6 3. Nc3 d5 4. Nf3 Be7 5. e3 O-O 6. Bd3 Nbd7 7. O-O dxc4 8. Bxc4 Nb6 9. Bd3 c5 10. dxc5 Bxc5 11. a3 a6 12. b4 Bd6 13. Bb2 Qe7 14. e4 e5 15. Qe2 h6 16. Nd2 Bd7 17. Nc4 Nxc4 18. Bxc4 Bc6 19. Rfd1 Rac8 20. Rd2 Bb8 21. Rad1 b5 22. Bb3 Qb7 23. Nd5 Bxd5 24. exd5 Nd7 25. Qh5 Nf6 26. Qf5 Qd7 27. Qf3 Qd6 28. g3 Nd7 29. Rc2 Rxc2 30. Bxc2 Nf6 31. Qe3 Rd8 32. Bc3 Rd7 1/2-1/2

[Event "NB2 Erkel csoport"]
[Site "Budapest"]
[Date "2024.12.15"]
[Round "4.1"]
[White "Berczes, Csaba"]
[Black "Sagi, Bence"]
[Result "1/2-1/2"]
[WhiteElo "2286"]
[BlackElo "2215"]
[PlyCount "26"]
[GameId "2123412536445808"]
[EventDate "2024.11.03"]
[EventType "team-tourn"]
[EventRounds "11"]
[EventCountry "HUN"]
[Source "chess.hu"]
[WhiteTeam "Dunaharaszti MTK II."]
[BlackTeam "Palota Sakk I."]
[WhiteTeamCountry "HUN"]
[BlackTeamCountry "HUN"]

1. Nf3 d5 2. g3 g6 3. c4 c6 4. Qb3 Bg7 5. d4 Nf6 6. Bg2 dxc4 7. Qxc4 Be6 8. Qa4 O-O 9. O-O Bd5 10. Nc3 Ne4 11. Qc2 Nxc3 12. bxc3 Nd7 13. e4 Bc4 1/2-1/2

[Event "NB2 Erkel csoport"]
[Site "Budapest"]
[Date "2024.12.15"]
[Round "4.3"]
[White "Vegh, Endre"]
[Black "Vegh, Karoly"]
[Result "1-0"]
[WhiteElo "2153"]
[BlackElo "1944"]
[PlyCount "51"]
[GameId "2123412600322956"]
[EventDate "2024.11.03"]
[EventType "team-tourn"]
[EventRounds "11"]
[EventCountry "HUN"]
[Source "chess.hu"]
[WhiteTeam "Dunaharaszti MTK II."]
[BlackTeam "Palota Sakk I."]
[WhiteTeamCountry "HUN"]
[BlackTeamCountry "HUN"]

1. d4 Nf6 2. c4 c5 3. d5 d6 4. Nc3 g6 5. e4 Bg7 6. Nge2 O-O 7. Ng3 Na6 8. Be2 Nc7 9. O-O a6 10. a4 Bd7 11. Bg5 Rb8 12. Qd2 b5 13. f4 h6 14. Bh4 Nh7 15. e5 dxe5 16. d6 f6 17. dxc7 Qxc7 18. Nd5 Qd8 19. fxe5 g5 20. Nh5 gxh4 21. axb5 Be8 22. Rxa6 Bg6 23. Ra7 Bxh5 24. Bxh5 Kh8 25. e6 Ng5 26. Rd7 1-0

[Event "NB2 Erkel csoport"]
[Site "Budapest"]
[Date "2024.12.15"]
[Round "4.4"]
[White "Serfozo, Adam"]
[Black "Szollosi, Laszlo"]
[Result "0-1"]
[WhiteElo "1917"]
[BlackElo "2067"]
[PlyCount "80"]
[GameId "2123412640906140"]
[EventDate "2024.11.03"]
[EventType "team-tourn"]
[EventRounds "11"]
[EventCountry "HUN"]
[Source "chess.hu"]
[WhiteTeam "Palota Sakk I."]
[BlackTeam "Dunaharaszti MTK II."]
[WhiteTeamCountry "HUN"]
[BlackTeamCountry "HUN"]

1. d4 e6 2. Nf3 f5 3. g3 b6 4. Bg2 Bb7 5. O-O Nf6 6. c4 Be7 7. Nc3 O-O 8. Bf4 Ne4 9. d5 Nxc3 10. bxc3 Na6 11. dxe6 dxe6 12. Qxd8 Rfxd8 13. Nd4 Bxg2 14. Kxg2 g5 15. Be3 Kf7 16. Nc6 Rg8 17. Nxe7 Kxe7 18. f4 g4 19. a4 Nb8 20. c5 Nd7 21. cxb6 axb6 22. Rfd1 Ra5 23. Rd4 c5 24. Rd2 Rga8 25. Rad1 Nf6 26. Rd6 Nd5 27. R1xd5 exd5 28. Rxb6 Rd8 29. Rh6 d4 30. Rxh7+ Ke6 31. Rh6+ Kd5 32. cxd4 cxd4 33. Bd2 Rxa4 34. Rb6 Re8 35. Kf1 Ra1+ 36. Be1 d3 37. Rb3 dxe2+ 38. Kf2 Rh8 39. Rd3+ Kc4 40. Rc3+ Kd4 0-1

[Event "NB2 Erkel csoport"]
[Site "Budapest"]
[Date "2024.12.15"]
[Round "4.5"]
[White "Neszmenyi, Zoltan"]
[Black "Albu, Ferenc"]
[Result "1-0"]
[WhiteElo "1936"]
[BlackElo "1824"]
[PlyCount "105"]
[GameId "2123412685712310"]
[EventDate "2024.11.03"]
[EventType "team-tourn"]
[EventRounds "11"]
[EventCountry "HUN"]
[Source "chess.hu"]
[WhiteTeam "Dunaharaszti MTK II."]
[BlackTeam "Palota Sakk I."]
[WhiteTeamCountry "HUN"]
[BlackTeamCountry "HUN"]

1. e4 e5 2. Nf3 Nc6 3. d4 d6 4. dxe5 Nxe5 5. Nxe5 dxe5 6. Qxd8+ Kxd8 7. Bc4 f6 8. O-O c6 9. Be3 Kc7 10. Nc3 Bb4 11. f4 Bd6 12. fxe5 Bxe5 13. Bf4 Bxf4 14. Rxf4 Ne7 15. e5 f5 16. e6 Rd8 17. g4 g6 18. Re1 b5 19. gxf5 gxf5 20. Bd3 Rd6 21. Bxb5 Rxe6 22. Rxe6 Bxe6 23. Bd3 Rg8+ 24. Kf2 h6 25. Rd4 Kb6 26. Rb4+ Kc7 27. Ba6 Rb8 28. Rxb8 Kxb8 29. Kg3 Ng6 30. Ne2 Ne7 31. a3 Kc7 32. Nd4 Kd6 33. Bd3 Bd7 34. c3 Ke5 35. Nf3+ Kf6 36. Bc4 h5 37. Kh4 Be8 38. Kg3 Ng6 39. b4 f4+ 40. Kf2 Ne5 41. Nd2 Kf5 42. Be2 Bf7 43. c4 Ng4+ 44. Kg2 Ne3+ 45. Kf3 h4 46. Kf2 Ng4+ 47. Kg2 Ne3+ 48. Kh3 Nc2 49. Bd3+ Ke5 50. Nf3+ Kd6 51. c5+ Kd5 52. Bxc2 Kc4 53. Ne5+ 1-0

[Event "NB2 Erkel csoport"]
[Site "Budapest"]
[Date "2024.12.15"]
[Round "4.6"]
[White "Bleil, Sandor"]
[Black "Monduk, Ferenc"]
[Result "1/2-1/2"]
[WhiteElo "1823"]
[BlackElo "1890"]
[PlyCount "91"]
[GameId "2123412721634246"]
[EventDate "2024.11.03"]
[EventType "team-tourn"]
[EventRounds "11"]
[EventCountry "HUN"]
[Source "chess.hu"]
[WhiteTeam "Palota Sakk I."]
[BlackTeam "Dunaharaszti MTK II."]
[WhiteTeamCountry "HUN"]
[BlackTeamCountry "HUN"]

1. d4 Nf6 2. Nf3 g6 3. Bf4 Bg7 4. e3 O-O 5. h3 d6 6. Be2 b6 7. O-O Bb7 8. c4 Nbd7 9. Nc3 Ne4 10. Nxe4 Bxe4 11. Nd2 Bb7 12. Bf3 Qc8 13. Bxb7 Qxb7 14. Qf3 Rab8 15. Qxb7 Rxb7 16. Ne4 c5 17. Rad1 cxd4 18. exd4 Rc8 19. b3 b5 20. cxb5 Rxb5 21. Rd2 Nf6 22. Nxf6+ Bxf6 23. Rfd1 Rb6 24. Kf1 Kf8 25. Ke2 Rbc6 26. Be3 d5 27. Rd3 Ke8 28. R3d2 Kd7 29. Rd3 h5 30. g4 hxg4 31. hxg4 Rh8 32. Rc1 Rxc1 33. Bxc1 Rh4 34. Kf3 Rh1 35. Be3 Ra1 36. Rd2 Rc1 37. Rb2 Rc3 38. Rd2 a6 39. Ke2 Kc6 40. Rd3 Rc2+ 41. Rd2 Rxd2+ 42. Kxd2 e5 43. dxe5 Bxe5 44. Kd3 f5 45. gxf5 gxf5 46. f3 1/2-1/2

[Event "NB2 Erkel csoport"]
[Site "Budapest"]
[Date "2024.12.15"]
[Round "4.7"]
[White "Farkas, Sara"]
[Black "Mihaly, Zoltan"]
[Result "1/2-1/2"]
[WhiteElo "1728"]
[BlackElo "1798"]
[PlyCount "44"]
[GameId "2123412756929494"]
[EventDate "2024.11.03"]
[EventType "team-tourn"]
[EventRounds "11"]
[EventCountry "HUN"]
[Source "chess.hu"]
[WhiteTeam "Dunaharaszti MTK II."]
[BlackTeam "Palota Sakk I."]
[WhiteTeamCountry "HUN"]
[BlackTeamCountry "HUN"]

1. d4 d5 2. c4 c6 3. Nf3 Nf6 4. e3 g6 5. Nc3 Bg7 6. Bd3 O-O 7. O-O Bg4 8. b3 Re8 9. Bb2 Nbd7 10. Be2 Qb6 11. cxd5 cxd5 12. Ne5 Bxe2 13. Nxd7 Nxd7 14. Nxe2 Rac8 15. Nf4 e6 16. Rc1 Qa5 17. a3 b5 18. Nd3 Qb6 19. Qd2 Qd6 20. Rxc8 Rxc8 21. Rc1 Rxc1+ 22. Qxc1 Qb8 1/2-1/2

[Event "NB2 Erkel csoport"]
[Site "Budapest"]
[Date "2024.12.15"]
[Round "4.8"]
[White "Kapuszta, Csaba"]
[Black "Botos, Jozsef"]
[Result "1/2-1/2"]
[WhiteElo "1784"]
[BlackElo "1867"]
[PlyCount "35"]
[GameId "2123412790954982"]
[EventDate "2024.11.03"]
[EventType "team-tourn"]
[EventRounds "11"]
[EventCountry "HUN"]
[Source "chess.hu"]
[WhiteTeam "Palota Sakk I."]
[BlackTeam "Dunaharaszti MTK II."]
[WhiteTeamCountry "HUN"]
[BlackTeamCountry "HUN"]

1. e3 d5 2. b3 Nf6 3. Bb2 Nbd7 4. Nf3 c6 5. c4 e6 6. Nc3 Be7 7. Be2 O-O 8. O-O Re8 9. d4 Nf8 10. Ne5 Ng6 11. f4 Bd7 12. Bd3 Qc7 13. Rc1 Rad8 14. Rf3 dxc4 15. bxc4 c5 16. Ne2 Bc6 17. Rh3 Be4 18. Bxe4 1/2-1/2

[Event "NB2 Erkel csoport"]
[Site "Budapest"]
[Date "2024.12.15"]
[Round "4.9"]
[White "Varhegyi, Abel"]
[Black "Partenyi, Attila"]
[Result "1/2-1/2"]
[WhiteElo "1737"]
[BlackElo "1765"]
[PlyCount "111"]
[GameId "2123412829690880"]
[EventDate "2024.11.03"]
[EventType "team-tourn"]
[EventRounds "11"]
[EventCountry "HUN"]
[Source "chess.hu"]
[WhiteTeam "Dunaharaszti MTK II."]
[BlackTeam "Palota Sakk I."]
[WhiteTeamCountry "HUN"]
[BlackTeamCountry "HUN"]

1. c4 e5 2. Nc3 Nf6 3. Nf3 e4 4. Ng5 e3 5. dxe3 Bb4 6. Bd2 O-O 7. g3 c6 8. Bg2 h6 9. Nge4 Ng4 10. a3 Ba5 11. b4 Bc7 12. f3 Ne5 13. Qb3 Nxc4 14. Qxc4 d5 15. Qa2 dxe4 16. Nxe4 Be6 17. Qb2 Nd7 18. Bc3 f5 19. Bh3 Re8 20. Nf2 Qe7 21. e4 fxe4 22. Bxe6+ Qxe6 23. Nxe4 Be5 24. O-O Bxc3 25. Qxc3 Nf6 26. Nxf6+ Qxf6 27. Qxf6 gxf6 28. e4 Rad8 29. Rad1 Kf7 30. Kf2 a5 31. Ke2 axb4 32. axb4 b6 33. Rxd8 Rxd8 34. Rd1 Ra8 35. Rc1 Ra2+ 36. Ke3 Rb2 37. Rxc6 Rxb4 38. Kf4 Rb3 39. h4 b5 40. g4 b4 41. Rc5 Rb1 42. g5 hxg5+ 43. hxg5 fxg5+ 44. Rxg5 b3 45. Rb5 b2 46. Ke5 Rf1 47. Rxb2 Rxf3 48. Rb7+ Ke8 49. Ke6 Kd8 50. Rf7 Re3 51. e5 Ke8 52. Rf5 Rh3 53. Rg5 Rh6+ 54. Kd5 Ra6 55. Rg8+ Ke7 56. Rc8 1/2-1/2

[Event "NB2 Erkel csoport"]
[Site "Budapest"]
[Date "2024.12.15"]
[Round "4.10"]
[White "Majlat, Attila"]
[Black "Bozsoki, Janos"]
[Result "1-0"]
[WhiteElo "1677"]
[BlackElo "1852"]
[PlyCount "37"]
[GameId "2123412871871514"]
[EventDate "2024.11.03"]
[EventType "team-tourn"]
[EventRounds "11"]
[EventCountry "HUN"]
[Source "chess.hu"]
[WhiteTeam "Palota Sakk I."]
[BlackTeam "Dunaharaszti MTK II."]
[WhiteTeamCountry "HUN"]
[BlackTeamCountry "HUN"]

1. e4 c5 2. Nf3 d6 3. d4 cxd4 4. Nxd4 Nf6 5. Nc3 Nc6 6. Bb5 Bd7 7. O-O Qc7 8. Nd5 Nxd5 9. exd5 Nxd4 10. Bxd7+ Qxd7 11. Qxd4 b6 12. b3 Rc8 13. c4 b5 14. cxb5 Qxb5 15. Be3 a6 16. Rac1 Qb7 17. Qa4+ Kd8 18. Rxc8+ Kxc8 19. Qe8+ 1-0

[Event "NB2 Erkel csoport"]
[Site "Budapest"]
[Date "2024.12.15"]
[Round "4.11"]
[White "Villam, Barna Fulop"]
[Black "Jarai, Csenge"]
[Result "1-0"]
[WhiteElo "1699"]
[BlackElo "1656"]
[PlyCount "35"]
[GameId "2123412921166890"]
[EventDate "2024.11.03"]
[EventType "team-tourn"]
[EventRounds "11"]
[EventCountry "HUN"]
[Source "chess.hu"]
[WhiteTeam "Dunaharaszti MTK II."]
[BlackTeam "Palota Sakk I."]
[WhiteTeamCountry "HUN"]
[BlackTeamCountry "HUN"]

1. d4 e6 2. c4 Nf6 3. Nf3 d5 4. g3 Bd7 5. Bg2 c5 6. O-O Nc6 7. cxd5 Nxd5 8. e4 Nb6 9. d5 Na5 10. b3 Be7 11. Bd2 Nc8 12. Ne5 Bb5 13. Re1 Bf6 14. Bc3 Nd6 15. dxe6 Ke7 16. exf7 Nc6 17. Nxc6+ Bxc6 18. e5 1-0

[Event "NB2 Erkel csoport"]
[Site "Budapest"]
[Date "2024.12.15"]
[Round "4.12"]
[White "Lauko, Zalan"]
[Black "Czibula, Istvan"]
[Result "1/2-1/2"]
[WhiteElo "1592"]
[BlackElo "1592"]
[PlyCount "41"]
[GameId "2123412997909562"]
[EventDate "2024.11.03"]
[EventType "team-tourn"]
[EventRounds "11"]
[EventCountry "HUN"]
[Source "chess.hu"]
[WhiteTeam "Palota Sakk I."]
[BlackTeam "Dunaharaszti MTK II."]
[WhiteTeamCountry "HUN"]
[BlackTeamCountry "HUN"]

1. e4 d5 2. exd5 Qxd5 3. Nc3 Qd8 4. d4 Bf5 5. Nf3 e6 6. a3 Nf6 7. Be2 Bd6 8. h3 c6 9. O-O Nbd7 10. b4 O-O 11. Bb2 Qc7 12. Bd3 Bxd3 13. Qxd3 Rad8 14. Ne2 Rfe8 15. c4 Qb8 16. Rfe1 e5 17. dxe5 Nxe5 18. Qb3 Nd3 19. Red1 Nxb2 20. Qxb2 Bc7 21. Rab1 1/2-1/2

[Event "NB2 Szechenyi csoport"]
[Site "Sopron"]
[Date "2024.11.03"]
[Round "1.1"]
[White "Kasnya, Peter"]
[Black "Nagy, Bence"]
[Result "0-1"]
[WhiteElo "1926"]
[BlackElo "2298"]
[PlyCount "54"]
[EventDate "2024.11.03"]
[EventType "team-tourn"]
[EventRounds "11"]
[EventCountry "HUN"]
[Source "chess.hu"]
[SourceDate "2024.11.04"]
[WhiteTeam "Tapolca VSE II."]
[BlackTeam "Soproni MAFC"]
[WhiteTeamCountry "HUN"]
[BlackTeamCountry "HUN"]

1. e4 c5 2. Nf3 e6 3. c4 d6 4. Nc3 Nf6 5. g3 Be7 6. Bg2 O-O 7. O-O Nc6 8. Ne1
Rb8 9. a4 a6 10. d3 Nd4 11. f4 b5 12. axb5 axb5 13. b3 Nd7 14. g4 h6 15. Kh1
Bf6 16. Rb1 bxc4 17. bxc4 Rxb1 18. Nxb1 Qb6 19. Be3 Bb7 20. g5 hxg5 21. fxg5
Be5 22. Nf3 Ra8 23. Nxe5 Nxe5 24. Nd2 Ra3 25. Bxd4 cxd4 26. Qc2 Rxd3 27. Rb1
Rxd2 0-1

[Event "NB2 Szechenyi csoport"]
[Site "Sopron"]
[Date "2024.11.03"]
[Round "1.2"]
[White "Varga, Peter"]
[Black "Domonkos, Tamas"]
[Result "1-0"]
[WhiteElo "2358"]
[BlackElo "1952"]
[PlyCount "67"]
[EventDate "2024.11.03"]
[EventType "team-tourn"]
[EventRounds "11"]
[EventCountry "HUN"]
[Source "chess.hu"]
[SourceDate "2024.11.04"]
[WhiteTeam "Soproni MAFC"]
[BlackTeam "Tapolca VSE II."]
[WhiteTeamCountry "HUN"]
[BlackTeamCountry "HUN"]

1. d4 Nf6 2. c4 c6 3. Nf3 d5 4. e3 Bg4 5. Nc3 e6 6. h3 Bh5 7. g4 Bg6 8. Ne5 Ne4
9. Nxg6 hxg6 10. Nxe4 dxe4 11. Qb3 Qb6 12. c5 Qxb3 13. axb3 Nd7 14. b4 e5 15.
b5 Be7 16. Bd2 f5 17. bxc6 bxc6 18. Ra6 Nb8 19. Ra4 Bf6 20. Bg2 Ke7 21. Ke2 Nd7
22. Rha1 Rhb8 23. Bc3 Rb7 24. Ra6 Nb8 25. dxe5 Nxa6 26. exf6+ gxf6 27. Rxa6 Rc7
28. gxf5 gxf5 29. f3 Rg8 30. Kf2 exf3 31. Bxf3 Rh8 32. Bxc6 Rxh3 33. Bxf6+ Kf8
34. Be5 1-0

[Event "NB2 Szechenyi csoport"]
[Site "Sopron"]
[Date "2024.11.03"]
[Round "1.3"]
[White "Parej, Jozsef"]
[Black "Ruboczki, Tibor"]
[Result "0-1"]
[WhiteElo "1901"]
[BlackElo "2038"]
[PlyCount "82"]
[EventDate "2024.11.03"]
[EventType "team-tourn"]
[EventRounds "11"]
[EventCountry "HUN"]
[Source "chess.hu"]
[SourceDate "2024.11.04"]
[WhiteTeam "Tapolca VSE II."]
[BlackTeam "Soproni MAFC"]
[WhiteTeamCountry "HUN"]
[BlackTeamCountry "HUN"]

1. e4 e6 2. d4 d5 3. e5 c5 4. Nf3 cxd4 5. a3 Nc6 6. Bd3 a5 7. O-O Nh6 8. Bf4
Qb6 9. b3 Nf5 10. g4 Nfe7 11. Bg3 h5 12. g5 g6 13. h4 Bg7 14. Re1 O-O 15. Kg2
Bd7 16. Nbd2 a4 17. b4 Na7 18. Nf1 Bb5 19. Rc1 Rac8 20. N1d2 Rc7 21. Nb1 Rfc8
22. Qd2 Bc4 23. c3 dxc3 24. Nxc3 Bb3 25. Nb1 d4 26. Rxc7 Rxc7 27. Rc1 Bd5 28.
Be2 Nf5 29. Kh3 Rxc1 30. Qxc1 Qc6 31. Qxc6 Nxc6 32. Bf4 d3 33. Bd1 b5 34. Nc3
Bc4 35. Nxa4 bxa4 36. Bxa4 Nfd4 37. Nxd4 Nxd4 38. Be3 Nf3 39. b5 Bxe5 40. b6
Bd5 41. Bd1 Ng1# 0-1

[Event "NB2 Szechenyi csoport"]
[Site "Sopron"]
[Date "2024.11.03"]
[Round "1.4"]
[White "Grimsholm, Ola"]
[Black "Simo, Judit"]
[Result "1-0"]
[WhiteElo "2030"]
[BlackElo "1888"]
[PlyCount "63"]
[EventDate "2024.11.03"]
[EventType "team-tourn"]
[EventRounds "11"]
[EventCountry "HUN"]
[Source "chess.hu"]
[SourceDate "2024.11.04"]
[WhiteTeam "Soproni MAFC"]
[BlackTeam "Tapolca VSE II."]
[WhiteTeamCountry "HUN"]
[BlackTeamCountry "HUN"]

1. e4 c5 2. Nf3 d6 3. d4 cxd4 4. Nxd4 Nf6 5. Nc3 Nc6 6. Bc4 Qb6 7. Nb3 Bg4 8.
f3 Bd7 9. Qe2 e6 10. Be3 Qd8 11. O-O-O Ne5 12. Bb5 a6 13. Bxd7+ Nexd7 14. g4 b5
15. g5 b4 16. Nd5 Nxd5 17. exd5 e5 18. f4 Be7 19. h4 a5 20. fxe5 Nxe5 21. Nd4
Qd7 22. Bf4 O-O 23. Bxe5 dxe5 24. Qxe5 Bd6 25. Qf5 Qa7 26. h5 Rae8 27. Nc6 Qe3+
28. Kb1 a4 29. Qd7 b3 30. Qxd6 bxc2+ 31. Kxc2 Qe2+ 32. Kc1 1-0

[Event "NB2 Szechenyi csoport"]
[Site "Sopron"]
[Date "2024.11.03"]
[Round "1.5"]
[White "Horvath, Lajos"]
[Black "Gaal, Ede"]
[Result "1/2-1/2"]
[WhiteElo "1782"]
[BlackElo "2015"]
[PlyCount "60"]
[EventDate "2024.11.03"]
[EventType "team-tourn"]
[EventRounds "11"]
[EventCountry "HUN"]
[Source "chess.hu"]
[SourceDate "2024.11.04"]
[WhiteTeam "Tapolca VSE II."]
[BlackTeam "Soproni MAFC"]
[WhiteTeamCountry "HUN"]
[BlackTeamCountry "HUN"]

1. e4 c5 2. Nf3 e6 3. d4 cxd4 4. Nxd4 Nf6 5. Bd3 Nc6 6. Nxc6 bxc6 7. O-O d5 8.
e5 Nd7 9. f4 Ba6 10. Rf3 Bxd3 11. cxd3 Be7 12. b3 O-O 13. Bb2 f6 14. Nd2 a5 15.
d4 Qb6 16. Rc1 fxe5 17. fxe5 a4 18. Rxf8+ Rxf8 19. Nf3 a3 20. Ba1 c5 21. Kh1
Qb5 22. dxc5 Nxc5 23. h3 Ne4 24. Qc2 Bg5 25. Qc6 Qd3 26. Qxe6+ Kh8 27. Nxg5
Rf1+ 28. Rxf1 Qxf1+ 29. Kh2 Qf4+ 30. Kh1 Qf1+ 1/2-1/2

[Event "NB2 Szechenyi csoport"]
[Site "Sopron"]
[Date "2024.11.03"]
[Round "1.6"]
[White "Horvath, Tibor"]
[Black "Kiss, Gergely"]
[Result "0-1"]
[WhiteElo "1915"]
[BlackElo "1819"]
[PlyCount "104"]
[EventDate "2024.11.03"]
[EventType "team-tourn"]
[EventRounds "11"]
[EventCountry "HUN"]
[Source "chess.hu"]
[SourceDate "2024.11.04"]
[WhiteTeam "Soproni MAFC"]
[BlackTeam "Tapolca VSE II."]
[WhiteTeamCountry "HUN"]
[BlackTeamCountry "HUN"]

1. d4 d5 2. c4 e6 3. Nf3 Nf6 4. g3 g6 5. Bg2 Bg7 6. O-O O-O 7. Qc2 c6 8. Nbd2
Nbd7 9. Rd1 b6 10. e4 dxe4 11. Nxe4 Nxe4 12. Qxe4 Bb7 13. Bg5 Bf6 14. Bh6 Bg7
15. Bxg7 Kxg7 16. Ne5 Nxe5 17. dxe5 Qc7 18. Rd6 Rfd8 19. Rad1 Rxd6 20. exd6 Qd7
21. b4 Kg8 22. a4 a5 23. b5 Rc8 24. h4 Ba8 25. bxc6 Bxc6 26. Qd4 Bxg2 27. Kxg2
Qxa4 28. d7 Qc6+ 29. Kh2 Rd8 30. g4 Qc5 31. Qd2 Qxc4 32. Qd6 Qc5 33. Qd2 Qc7+
34. Kh3 a4 35. h5 Qe5 36. f4 Qe4 37. h6 f6 38. Kg3 Kf7 39. Re1 Qc6 40. Rd1 Ke7
41. f5 gxf5 42. g5 Kf7 43. Qb2 e5 44. Qd2 fxg5 45. Qa2+ Kf6 46. Qd2 b5 47. Qa5
Rxd7 48. Rxd7 Qxd7 49. Qb6+ Kf7 50. Qb8 f4+ 51. Kh2 f3 52. Qh8 Qd2+ 0-1